Experiencia Metodológica del Internado Rural en la UNSAAC como responsabilidad Social Universitaria : (Record no. 23197)

000 -CABECERA
fixed length control field 01216nam a22002537i 4500
003 - IDENTIFICADOR DEL NÚMERO DE CONTROL
control field AR-CdUCM
008 - DATOS DE LONGITUD FIJA--INFORMACIÓN GENERAL
fixed length control field 250124b20232023 pe||||| |||| 00| 0 spa d
020 ## - NÚMERO INTERNACIONAL ESTÁNDAR DEL LIBRO
ISBN 978-612-46911-3-3
040 ## - FUENTE DE LA CATALOGACIÓN
Agencia/entidad que catalogó originalmente la obra MUNICIPALIDAD PROVINCIAL DEL CUSCO
Entidad que transcribió la catalogación BIBLIOTECA MUNICIPAL DEL CUSCO
082 ## - NÚMERO DE LA CLASIFICACIÓN DECIMAL DEWEY
No. de Clasificación 373.1 / Q76E
Notacion interna Q76E
100 ## - ENTRADA PRINCIPAL--NOMBRE DE PERSONA
Nombre Personal Quispe Suni, Silvestre Nicasio
245 ## - MENCIÓN DE TÍTULO
Título Experiencia Metodológica del Internado Rural en la UNSAAC como responsabilidad Social Universitaria :
Resto del título Universidad Nacional San Antonio Abad del Cusco convenio CIUF UNSAAC UNS01 Salud Publica /
260 ## - PUBLICACIÓN, DISTRIBUCIÓN, ETC.
Lugar de publicación, distribución, etc. Cusco :
Nombre de la editorial, distribuidor, etc. Universidad Nacional San Antonio Abad del Cusco
Fecha de publicación, distribución, etc. 2023
300 ## - DESCRIPCIÓN FÍSICA
Nº de Páginas Extensión 164 páginas. :
Dimensiones 32x17 cm.
500 ## - NOTA GENERAL
Bibliografía Bibliografía: página 163
505 ## - NOTA DE CONTENIDO CON FORMATO
Nota de contenido formateada Experiencia metodológica de internado rural -- Desarrollo de la experiencia -- Análisis de los involucrados -- Planificación curricular para el internado de Medicina Humana, Odontología, Enfermería -- Etapas de ejecución del Internado Rural
650 ## - PUNTO DE ACCESO ADICIONAL DE MATERIA--TÉRMINO DE MATERIA
Descriptor Internado rural
9 (RLIN) 50966
650 ## - PUNTO DE ACCESO ADICIONAL DE MATERIA--TÉRMINO DE MATERIA
Descriptor Metodología para el internado
9 (RLIN) 50967
650 ## - PUNTO DE ACCESO ADICIONAL DE MATERIA--TÉRMINO DE MATERIA
Descriptor Logros
9 (RLIN) 50968
650 ## - PUNTO DE ACCESO ADICIONAL DE MATERIA--TÉRMINO DE MATERIA
Descriptor Dificultades
9 (RLIN) 50969
942 ## - ELEMENTOS DE PUNTO DE ACCESO ADICIONAL (KOHA)
Fuente de clasificación
Tipo de item Libros-BMC
945 ## - PROCESAMIENTO DE INFORMACIÓN LOCAL (OCLC)
Catalogador pbjr
AAAA-MM-DD - Fecha de ingreso o modificacion 24-01-2025
Holdings
Estado de retiro (separado) Fuente de clasificación o esquema de estanterías Estado dañado Ubicación Sala donde se ubica Nombre de la colección Fecha de adquisición o compra Fuente de adquisición Costo, precio normal en soles Signatura topográfica Código de Barras Última vez visto (Koha) Tipo de ítem (Koha)
No     Sala Humanidades Sala Humanidades Book Cart 2025-01-31 Donación 15.00 373.1 / Q76E SH0000016907 2025-01-31 Libros-BMC

Powered by Koha